| 000 | 00381 a2200157 4500 | ||
|---|---|---|---|
| 020 | _a9695190944 | ||
| 082 | _a297.1975 | ||
| 090 |
_c5986 _d5986 |
||
| 100 | _aHerlihy,John. | ||
| 245 |
_aModern Man At The Crossroads. _cJohn Herlihy. |
||
| 250 | _a2nd | ||
| 260 |
_aLahore _bSuhail Academy. _c2005. |
||
| 300 | _a237p. | ||
| 500 | _aHardcover. | ||
| 942 |
_aNBS _cBK _k297.1975 HER |
||
| 999 |
_c348375 _d348375 |
||